New essays in the bhagvada gita : (Record no. 132485)

MARC details
000 -LEADER
fixed length control field 00709nam a22002177a 4500
005 - DATE AND TIME OF LATEST TRANSACTION
control field 20170124110155.0
010 ## - LIBRARY OF CONGRESS CONTROL NUMBER
LC control number A-318030
020 ## - INTERNATIONAL STANDARD BOOK NUMBER
Terms of availability 00.00
International Standard Book Number 8185016216
035 ## - SYSTEM CONTROL NUMBER
System control number A-318030
037 ## - SOURCE OF ACQUISITION
Source of stock number/acquisition Cen Lib/Ret
040 ## - CATALOGING SOURCE
Original cataloging agency DPL
Language of cataloging EN
082 ## - DEWEY DECIMAL CLASSIFICATION NUMBER
Classification number 181.45
Item number NEW
245 ## - TITLE STATEMENT
Title New essays in the bhagvada gita :
Statement of responsibility, etc compiled by Arvind Sharma
Remainder of title philosophical, methodological and cultural approaches /
260 ## - PUBLICATION, DISTRIBUTION, ETC. (IMPRINT)
Place of publication, distribution, etc New Delhi
Name of publisher, distributor, etc Books and Books
Date of publication, distribution, etc 1987
270 ## - ADDRESS
City New Delhi
Address C4A/24A, janakpuri
Postal code 110058
300 ## - PHYSICAL DESCRIPTION
Extent viii, 204p.
Dimensions 23cm(Hb)
650 ## - SUBJECT ADDED ENTRY--TOPICAL TERM
Geographic subdivision
Topical term or geographic name as entry element Indian philosophy
9 (RLIN) 34862
650 ## - SUBJECT ADDED ENTRY--TOPICAL TERM
Topical term or geographic name as entry element Bhagvada gita
9 (RLIN) 34863
700 ## - ADDED ENTRY--PERSONAL NAME
Personal name Sharma, Arvind
9 (RLIN) 34864
942 ## - ADDED ENTRY ELEMENTS (KOHA)
Source of classification or shelving scheme Dewey Decimal Classification
Koha item type English Books
Classification part 181.45
Call number suffix NEW
Holdings
Withdrawn status Lost status Damaged status Not for loan Home library Current library Date acquired Source of acquisition Cost, normal purchase price Total Checkouts Full call number Barcode Date last seen Copy number Cost, replacement price Price effective from Koha item type Public note
Written off       Central Library Central Library 22/07/2015 Cen Lib/Ret 0.00   181.45 NEW A-318030 22/07/2015 1 0.00 22/07/2015 English Books W/d list no. 6809/4

© Delhi Public Library
Hit Counter
free hit counter